000 01082cam a22002054a 4500
005 20250605164210.0
008 250528s ||||||||||||||||||||||||d
035 _a20202
020 _a155512272
040 _aGR-AtMCL
_bgre
_dGR-AtMCL
_eAACR2
245 1 _aMacroeconomics / Theory and Policy: Third Edition
250 _a3rd
260 _bHarcourt Brace College Publishers,
_c1985
300 _a516
520 _aPreface, Measuring National Income. Mathematical and Graphic Analyses, Estimation of Economic Relationships, The Simple Theory of Income Determination, Government and the Simple Theory of Income Determination, Capital and Investment, Consumption, Product-Market Equilibrium, The Supply of Money, The Demand for Money, The Expanded Theory of Aggregate Demand, The Theory of Aggregate Supply, The Expanded Theory of Income Determination, Unemployment and Disequilibrium, Inflation, International Trade and Finance, Economic Growth, Macroeconomic Policy, Name and Subject Index.
700 1 _aGlahe R. Fred
_910
942 _cBK
999 _c5337
_d5337